000 00955nam a2200253Ia 4500
003 OSt
005 20220923215740.0
006 a|||||r|||| 00| 0
007 ta
008 220922b |||||||| |||| 00| 0 hin d
024 _a181,471
037 _cTextual
040 _aARTS
_cARTS
_bhin
041 _2hin
_ahin
082 _aO152,1:g(S:55), J8
100 _aखण्डेलवाल, रामेश्वर लाल
245 0 _aआधुनिक हिन्दी कविता में प्रेम और सौन्दर्य
246 _aĀdhunik hindī kavitā mean prem aur saundarya
260 _aदिल्ली
_b नेशनल पब्लि0 हा0
_c1958
300 _a498 पृ.
_ccm.
650 _aहिन्दी साहित्य
_9156264
942 _hO152,1:g(S:55), J8
_cTEXL
_2CC
999 _c334848
_d334848